19 pays sans cours d'eau - Statistiques

Statistiques générales
  • Ce quiz a été pris 69 fois
  • Le résultat moyen est 10 sur 19
Statistiques - réponses
Pays % Correct
Qatar 🇶🇦
69%
Monaco 🇲🇨
66%
Vatican 🇻🇦
66%
Arabie saoudite 🇸🇦
64%
Koweit 🇰🇼
64%
Oman 🇴🇲
64%
Yemen 🇾🇪
64%
Émirats arabes unis 🇦🇪
63%
Bahrein 🇧🇭
61%
Nauru 🇳🇷
61%
Tuvalu 🇹🇻
61%
Tonga 🇹🇴
59%
Kiribati 🇰🇮
51%
Djibouti 🇩🇯
46%
Îles Marshall 🇲🇭
46%
Maldives 🇲🇻
42%
Malte 🇲🇹
37%
Comores 🇰🇲
29%
Libye 🇱🇾
15%
Aucun quiz correspondant
Distribution des résultats
% des personnes avec chaque résultat
Percentile par nombre de réponses
Votre historique - résultats
Vous n’avez pas pris ce quiz